Método para la enseñanza oral de los sordo=mudos Ier Tomo

Gespeichert in:
Bibliographische Detailangaben
1. Verfasser: Fürtensberg, Pablo
Format: Buch
Sprache:Spanisch
Erschienen: santiago La compañía americana 1903
Katalog:MANES:  Suchergebnis im Bibliothekskatalog
Schulbuchspezifische Eigenschaften:
Tags: Tag hinzufügen
Keine Tags, Fügen Sie den ersten Tag hinzu!
Hinzugefügt zu:01.12.2021
Geändert in:25.04.2025

MARC

LEADER 00000nam a22000007a 4500
005 20250425101513.0
008 211202b |||||||| |||| 00| 0 spa d
040 |a MGM 
100 |9 41510  |a Fürtensberg, Pablo 
245 |a Método para la enseñanza oral de los sordo=mudos Ier Tomo 
260 |a santiago  |b La compañía americana  |c 1903 
300 |a 72 p.  |c 18 x 12,6 cm. 
546 |a Chile  
561 |5 cl-MGM  |3 T 371.912 F991m 1903  |a Chile. Museo Gabriela Mistral  |k MANES 
690 |a EyL 
691 |a SE 
942 |2 ddc  |c BK 
999 |c 98733  |d 98733 
999 |c manes:98733  |d 98733